| 000 | 00696nam a22001457a 4500 | ||
|---|---|---|---|
| 999 |
_c525618 _d525618 |
||
| 008 | 240328b ||||| |||| 00| 0 eng d | ||
| 100 |
_aMani, Shambhavi _944308 |
||
| 245 | _aSangit Kumar Ragi, the puritan is political: Mapping Islamic radicalism | ||
| 260 | _aIndian Journal of Public Administration | ||
| 300 | _a70(1), Mar, 2024: p.223-225 | ||
| 520 | _aSangit Kumar Ragi, The Puritan Is Political: Mapping Islamic Radicalism. Vitasta Publications, 2023, 441 pp., $29.99 (Hardcover). ISBN: 9789390961733. – Reproduced https://journals.sagepub.com/doi/full/10.1177/00195561231204602 | ||
| 773 | _aIndian Journal of Public Administration | ||
| 906 | _aBOOK REVIEW | ||
| 942 | _cAR | ||